Estadísticas para Traza la Costa y las Fronteras Internacionales de México

Haz click aquí para intentar la prueba.

Estadísticas generales

  • Esta prueba ha sido intentada 741 veces
  • La puntuación promedio es 14 de 27

Respuestas en el mapa

Las respuestas están codificadas por una escala verde-roja en el mapa de la prueba según el % correcto abajo.
 

Estadísticas de respuestas

Estado% Correcto
Baja California
99%
Sonora
81%
Chihuahua
80%
Nuevo León
73%
Tamaulipas
72%
Veracruz
72%
Coahuila
71%
Tabasco
66%
Yucatán
66%
Quintana Roo
65%
Campeche
64%
Campeche
52%
Chiapas
52%
Oaxaca
50%
Tabasco
50%
Oaxaca
34%
Chiapas
33%
Guerrero
33%
Jalisco
32%
Baja California
30%
Colima
30%
Michoacán
30%
Baja California
29%
Nayarit
29%
Sinaloa
29%
Sonora
29%
Baja California Sur
28%

Distribución de puntuación

Porcentaje por número respondido

Porcentaje de gente con cada puntuación

Historial de tus puntuaciones

No has intentado esta prueba.